| 000 | 00565nam a2200169 a 4500 | ||
|---|---|---|---|
| 008 | 120416s1972 ||||||||||||||||| || u | ||
| 020 | _a0550160019 | ||
| 050 | _aCT 103 CHA | ||
| 100 | _aThorne, J. O | ||
| 245 | 1 | 0 |
_aChambers biographical dictionary _cedited by J. O. Thorne |
| 250 | _aRev ed. | ||
| 260 |
_aEdniburgh _bW. & R. Chambers _c1972 |
||
| 300 | _avii, 1432p. | ||
| 350 | _a0.00 | ||
| 650 | _aBIOGRAPHY--DICTIONARIES | ||
| 995 |
_D0.00 _FCBU-MAIN LIBRARY (Kitwe) _H1 _I50.00 _M1 _UREFERENCE _ZReference Collection |
||
| 999 |
_c37047 _d37047 |
||